000
00268nam a22001217a 4500
008
181003b xxu||||| |||| 00| 0 eng d
041
_a
eng
080
_a
902
100
_a
45
101
_a
ARK
245
_a
Archaeology of the roman empire
_c
King,A
942
_2
udc
_c
BK
999
_c
48794
_d
48794